| 000 | 00656nam a22001577a 4500 | ||
|---|---|---|---|
| 008 | 160604b xxu||||| |||| 00| 0 eng d | ||
| 082 |
_22010 _aUT 0220 _bC17 |
||
| 100 |
_910079 _aCarbonell, Wayne Allen F. |
||
| 245 |
_aManagement practices and level of competitiveness of swimming resort in Digos City/ _cWayne Allen F. Carbonell, Teofhelryza M. Bayarcal and Maricel C. Entoma. |
||
| 260 |
_aDigos City: _bUMDC _cMarch 2010. |
||
| 300 |
_a56 pages; _c28 cm. |
||
| 650 | 0 |
_910078 _aBusiness Administration _vHuman Resource Management _xUndergraduate thesis. |
|
| 700 |
_910075 _aBayarcal, Teofhelryza M. |
||
| 700 |
_910076 _aEntoma, Maricel C. |
||
| 942 |
_2ddc _cUT |
||
| 999 |
_c3017 _d3017 |
||